000 00225nam a22000857a 4500
008 161202b xxu||||| |||| 00| 0 eng d
100 _91718
_aMunjal.M
245 _aThe Rainbow Slide
260 _aNew Delhi
_bChildrens Book Trust
_c2014
999 _c4431
_d4431